|
|
|
|
| LEADER |
00849cam a2200241 7i4500 |
| 001 |
0000033506 |
| 005 |
20160624090000.0 |
| 007 |
##ta |
| 008 |
160608s2015 |
| 040 |
# |
# |
|a MATR
|
| 090 |
0 |
0 |
|a CAND 391
|b PER
|
| 245 |
0 |
0 |
|a PERSONAL ACCESSORIES IN CANADA
|c Euromonitor International.
|
| 264 |
# |
1 |
|a London:
|b Euromonitor International,
|c 2015.
|
| 300 |
# |
# |
|a iv, 63 pages:
|b illustrations;
|c 24 cm.
|
| 336 |
# |
# |
|a text
|2 rdacontent
|
| 337 |
# |
# |
|a unmediated
|2 rdamedia
|
| 338 |
# |
# |
|a volume
|2 rdacarrier
|
| 490 |
0 |
# |
|a Market report - September 2015
|
| 650 |
# |
0 |
|a Jewelry --
|x Markets --
|z Canada
|
| 650 |
# |
0 |
|a Bags --
|x Markets --
|z Canada
|
| 650 |
# |
0 |
|a Writing materials and instruments --
|x Markets --
|z Canada
|
| 650 |
# |
0 |
|a Clock and watches --
|x Markets --
|z Canada
|
| 999 |
|
|
|a B000037370
|b Book
|c Countries
|e Business Information Centre
|